000 01047nam a2200157Ia 4500
005 20260302161543.0
008 260302s9999 xx 000 0 und d
020 _a9780521109062
082 _a338.9
_bLEO
100 _aLeontief, W.
245 0 _aStructure, System and Economic Policy /
_cLeontief, W.
260 _bCambridge University Press,
_c2009
520 _aThis is a volume of papers organized by Professor Leontief for the 1976 meeting of the Economics section of the British Association for the Advancement of Science. After a paper by Professor Leontief applying input-output to the future of the world economy, other papers consider prices, regional problems, material supplies, urban problems, technical progress, unemployment and energy policy. There are two papers with a broader view of the British economy, one surveying government policy on the industrial structure of the economy and one considering the use of input-output for monitoring the development of the economy.
650 _aBusiness & Economics
942 _cENGLISH
999 _c616690
_d616690